000 00996nam a2200253Ia 4500
003 OSt
005 20221005111926.0
006 a|||||r|||| 00| 0
007 ta
008 221004b |||||||| |||| 00| 0 hin d
024 _a1791
037 _cTextual
040 _aCRL
_cCRL
_bhin
041 _2hin
_ahin
082 _aR635x1,1,1, 152M8;N3
100 _aपत×जलि
_9160350
245 0 _aपात×जलयोगदर्शनम् हिन्दी व्याख्0 सुरेशचन्द्र श्रीवास्तव्य शास्त्री
246 _aPāta×jalayogadarshanam hindī vyākh0 sureshachandra shrīvāstavya shāstrī
260 _aवाराणसी
_bचौखम्बा सुभारती प्रकाशन
_c1993
300 _a600पृ0
_ccm.
650 _aभारतीय दर्शन
942 _hR635x1,1,1, 152M8;N3
_cTEXL
_2cc
999 _c1023322
_d1023322